[Event "Hoogeveen op 23rd"]
[Site "Hoogeveen"]
[Date "2019.10.20"]
[Round "2"]
[White "Gomes, Mary Ann"]
[Black "Stavast, Dick"]
[Result "1-0"]
[WhiteElo "2268"]
[BlackElo "2068"]
[PlyCount "49"]
[EventDate "2019.10.19"]
[EventType "swiss"]
[EventRounds "9"]
[EventCountry "NED"]
[SourceTitle "CBM 192 Extra"]
[Source "Chessbase"]
[SourceDate "2019.11.06"]
[SourceVersion "1"]
[SourceVersionDate "2019.11.06"]
[SourceQuality "1"]

1. Nf3 d6 2. d4 Nf6 3. c4 Nbd7 4. Nc3 e5 5. g3 Be7 6. Bg2 0-0 7. 0-0 c6 8. e4 a6 9. a4 a5 10. h3 Re8 11. Be3 exd4 12. Nxd4 Nc5 13. Qc2 Bf8 14. Rfd1 Qc7 15. g4 g6 16. Bf4 Nfd7 17. Bg3 Ne5 18. Nce2 Bg7 19. f4 Ned7 20. Kh1 Nf6 21. Nc3 Qe7 22. Bh4 h6 23. Re1 g5 24. fxg5 Nxg4 25. Nf5 1-0

[Event "Groningen op-A 51st"]
[Site "Groningen"]
[Date "2013.12.28"]
[Round "7"]
[White "Berkovich, Mark A"]
[Black "Stavast, Dick"]
[Result "1-0"]
[WhiteElo "2366"]
[BlackElo "2066"]
[PlyCount "109"]
[EventDate "2013.12.21"]
[EventType "swiss"]
[EventRounds "9"]
[EventCountry "NED"]
[SourceTitle "CBM 158 Extra"]
[Source "ChessBase"]
[SourceDate "2014.02.28"]
[SourceVersion "1"]
[SourceVersionDate "2014.02.28"]
[SourceQuality "1"]

1. d4 d6 2. Nf3 g6 3. e4 Bg7 4. c3 Nf6 5. Bd3 0-0 6. 0-0 Bg4 7. Nbd2 c5 8. dxc5 dxc5 9. Qc2 Nc6 10. h3 Bxf3 11. Nxf3 Qc7 12. Be3 Nd7 13. Rfe1 Rfd8 14. Bf1 Rac8 15. Rad1 a6 16. Nd2 b5 17. Nb3 c4 18. Nc5 Nxc5 19. Bxc5 Rxd1 20. Rxd1 Rd8 21. a4 Na5 22. Be3 Nb3 23. Be2 Rxd1+ 24. Qxd1 Qd6 25. Qxd6 exd6 26. Kf1 Nc5 27. axb5 axb5 28. f3 Na4 29. Bc1 g5 30. Bd1 h6 31. Bxa4 bxa4 32. Ke2 Be5 33. Kd1 Kf8 34. Kc2 Ke7 35. Kb1 Kd7 36. Ka2 Kc6 37. Ka3 Kb5 38. Be3 Bf4 39. Bf2 Bc1 40. Bd4 h5 41. g3 Bd2 42. Bf2 Bc1 43. Ka2 Bd2 44. Ka3 Ka5 45. Ka2 Kb5 46. Ka1 a3 47. Kb1 Kc6 48. Ka1 Bc1 49. bxa3 Bxa3 50. Be3 f6 51. Bd4 Bc1 52. Bxf6 Kb5 53. Kb1 Be3 54. Kc2 Kc6 55. Bd4 1-0

[Event "Groningen op-A 51st"]
[Site "Groningen"]
[Date "2013.12.24"]
[Round "4"]
[White "Stavast, Dick"]
[Black "Christiansen, Johan Sebastian"]
[Result "0-1"]
[WhiteElo "2066"]
[BlackElo "2217"]
[PlyCount "66"]
[EventDate "2013.12.21"]
[EventType "swiss"]
[EventRounds "9"]
[EventCountry "NED"]
[SourceTitle "CBM 158 Extra"]
[Source "ChessBase"]
[SourceDate "2014.02.28"]
[SourceVersion "1"]
[SourceVersionDate "2014.02.28"]
[SourceQuality "1"]

1. g3 e5 2. Bg2 Nf6 3. d3 d5 4. Nf3 Nc6 5. 0-0 Be7 6. c4 0-0 7. cxd5 Nxd5 8. Nc3 Be6 9. Nxd5 Bxd5 10. b3 Qd7 11. Bb2 f6 12. Rc1 a5 13. e4 Bf7 14. d4 Qd6 15. dxe5 fxe5 16. Qxd6 Bxd6 17. Ng5 Nb4 18. Nxf7 Rxf7 19. Bh3 Re7 20. a4 Nd3 21. Rc2 Nc5 22. f4 exf4 23. e5 Bxe5 24. Bxe5 Rxe5 25. gxf4 Rh5 26. Bg4 Rh4 27. h3 b6 28. Re1 h5 29. Bf3 Rc8 30. Rc4 Nxb3 31. Bb7 Rd8 32. Kg2 Nc5 33. Rxc5 bxc5 0-1

[Event "Hoogeveen Unive op 17th"]
[Site "Hoogeveen"]
[Date "2013.10.26"]
[Round "9"]
[White "Wunnink, Michael"]
[Black "Stavast, Dick"]
[Result "1-0"]
[WhiteElo "2244"]
[BlackElo "2088"]
[PlyCount "29"]
[EventDate "2013.10.18"]
[EventType "swiss"]
[EventRounds "9"]
[EventCountry "NED"]
[SourceTitle "EXT 2014"]
[Source "ChessBase"]
[SourceDate "2013.11.20"]
[SourceVersion "1"]
[SourceVersionDate "2013.11.20"]
[SourceQuality "1"]

1. d4 d6 2. Nf3 f5 3. g3 Nf6 4. Bg2 g6 5. 0-0 Bg7 6. c4 0-0 7. Nc3 c6 8. Rb1 Qc7 9. d5 e5 10. dxe6 Bxe6 11. Bf4 Rd8 12. c5 Bf8 13. Ng5 Qd7 14. e4 Na6 15. cxd6 1-0

[Event "Hoogeveen Unive op 17th"]
[Site "Hoogeveen"]
[Date "2013.10.24"]
[Round "7"]
[White "Stavast, Dick"]
[Black "Cebula, Jerzy"]
[Result "1-0"]
[WhiteElo "2088"]
[BlackElo "2001"]
[PlyCount "35"]
[EventDate "2013.10.18"]
[EventType "swiss"]
[EventRounds "9"]
[EventCountry "NED"]
[SourceTitle "EXT 2014"]
[Source "ChessBase"]
[SourceDate "2013.11.20"]
[SourceVersion "1"]
[SourceVersionDate "2013.11.20"]
[SourceQuality "1"]

1. d4 Nf6 2. c4 c5 3. Nf3 cxd4 4. Nxd4 Nc6 5. Nc3 Qb6 6. Nb3 d6 7. e4 Ng4 8. c5 dxc5 9. Nd5 Qd8 10. Bf4 e5 11. Bd2 a6 12. Rc1 b6 13. a4 Nf6 14. Bg5 Be7 15. Bxf6 gxf6 16. Qh5 Be6 17. Bc4 0-0 18. Rc3 1-0

[Event "Hoogeveen Unive op 16th"]
[Site "Hoogeveen"]
[Date "2012.10.20"]
[Round "2"]
[White "Van Foreest, Lucas"]
[Black "Stavast, Dick"]
[Result "1-0"]
[WhiteElo "1952"]
[BlackElo "2125"]
[PlyCount "103"]
[EventDate "2012.10.19"]
[EventType "swiss"]
[EventRounds "9"]
[EventCountry "NED"]
[SourceTitle "EXT 2013"]
[Source "ChessBase"]
[SourceDate "2012.11.22"]
[SourceVersion "1"]
[SourceVersionDate "2012.11.22"]
[SourceQuality "1"]

1. e4 e5 2. Nf3 Nc6 3. Bb5 Nf6 4. 0-0 Nxe4 5. Re1 Nd6 6. Bxc6 dxc6 7. Rxe5+ Be7 8. d4 0-0 9. c3 Bf6 10. Re1 Bg4 11. Bf4 Qd7 12. Nbd2 Rae8 13. Qa4 Qf5 14. Bxd6 cxd6 15. Qxa7 Rxe1+ 16. Rxe1 Qc8 17. Qb6 Be6 18. a3 h6 19. c4 Bd8 20. Qb4 c5 21. Qc3 Bf6 22. Ne4 Bxd4 23. Nxd4 cxd4 24. Qxd4 Qxc4 25. Qxc4 Bxc4 26. Nxd6 Bd5 27. f3 Rd8 28. Ne4 Kf8 29. Kf2 f5 30. Nc5 Kf7 31. Rd1 Ke7 32. b4 g5 33. b5 b6 34. Na4 Bc4 35. Rxd8 Kxd8 36. Nxb6 Bxb5 37. Ke3 Ke7 38. Nd5+ Kd6 39. Kd4 Bc6 40. Ne3 Ke6 41. Kc5 Ba8 42. a4 h5 43. h3 f4 44. Nc2 g4 45. hxg4 hxg4 46. Nd4+ Kd7 47. a5 Bb7 48. Kb6 Ba8 49. a6 Kd6 50. a7 Kd7 51. fxg4 Bxg2 52. Ne2 1-0

[Event "Hoogeveen Unive op 16th"]
[Site "Hoogeveen"]
[Date "2012.10.19"]
[Round "1"]
[White "Stavast, Dick"]
[Black "Willemze, Thomas"]
[Result "0-1"]
[WhiteElo "2125"]
[BlackElo "2377"]
[PlyCount "64"]
[EventDate "2012.10.19"]
[EventType "swiss"]
[EventRounds "9"]
[EventCountry "NED"]
[SourceTitle "EXT 2013"]
[Source "ChessBase"]
[SourceDate "2012.11.22"]
[SourceVersion "1"]
[SourceVersionDate "2012.11.22"]
[SourceQuality "1"]

1. d4 d5 2. c4 e6 3. Nc3 c5 4. cxd5 exd5 5. Nf3 Nc6 6. g3 Nf6 7. Bg2 Be7 8. 0-0 0-0 9. Bg5 c4 10. Ne5 Be6 11. e3 h6 12. Bxf6 Bxf6 13. f4 Ne7 14. Qe2 g6 15. Rad1 Rb8 16. e4 Bxe5 17. fxe5 b5 18. Rf6 b4 19. Nxd5 c3 20. bxc3 Bxd5 21. exd5 bxc3 22. d6 Nf5 23. Be4 Re8 24. Bxf5 Qxf6 25. d7 Qxf5 26. dxe8Q+ Rxe8 27. Rc1 Rc8 28. Qe3 h5 29. Kg2 c2 30. Qf3 Qe6 31. Qb3 Rc4 32. Qd3 Qd5+ 0-1

[Event "Hoogeveen Unive op 15th"]
[Site "Hoogeveen"]
[Date "2011.10.15"]
[Round "2"]
[White "Stavast, Dick"]
[Black "Van Foreest, Lucas"]
[Result "1-0"]
[WhiteElo "2097"]
[BlackElo "1918"]
[PlyCount "49"]
[EventDate "2011.10.14"]
[EventType "swiss"]
[EventRounds "9"]
[EventCountry "NED"]
[SourceTitle "CBM 144 Extra"]
[Source "ChessBase"]
[SourceDate "2011.10.28"]
[SourceVersion "1"]
[SourceVersionDate "2011.10.28"]
[SourceQuality "1"]

1. d4 d5 2. c4 e6 3. Nc3 c6 4. e4 Bb4 5. Bd3 c5 6. cxd5 exd5 7. Nge2 dxe4 8. Bxe4 Nf6 9. Bg5 Bxc3+ 10. bxc3 cxd4 11. 0-0 dxc3 12. Qc2 h6 13. Rad1 Nbd7 14. Bxf6 Qxf6 15. Nxc3 0-0 16. Nd5 Qg5 17. f4 Qh4 18. g3 Qh5 19. Ne7+ Kh8 20. Rd5 g5 21. Qb2+ f6 22. fxg5 hxg5 23. Nxc8 Ne5 24. Rxe5 Raxc8 25. Ref5 1-0

[Event "Hoogeveen Unive op 15th"]
[Site "Hoogeveen"]
[Date "2011.10.14"]
[Round "1"]
[White "De Jong, Migchiel"]
[Black "Stavast, Dick"]
[Result "1-0"]
[WhiteElo "2370"]
[BlackElo "2097"]
[PlyCount "49"]
[EventDate "2011.10.14"]
[EventType "swiss"]
[EventRounds "9"]
[EventCountry "NED"]
[SourceTitle "CBM 144 Extra"]
[Source "ChessBase"]
[SourceDate "2011.10.28"]
[SourceVersion "1"]
[SourceVersionDate "2011.10.28"]
[SourceQuality "1"]

1. e4 e5 2. Nf3 Nc6 3. Bb5 Nf6 4. d3 Bc5 5. c3 0-0 6. 0-0 d5 7. Nbd2 Re8 8. h3 a6 9. Ba4 h6 10. Re1 b5 11. Bc2 Bb7 12. a3 Qd7 13. Nh4 Rad8 14. Qf3 dxe4 15. dxe4 Ne7 16. Nb3 Bb6 17. Bxh6 Qe6 18. Bg5 Rd6 19. Rad1 Red8 20. Rxd6 Rxd6 21. Nc1 Qc4 22. Bb3 Qc6 23. Nd3 Rxd3 24. Qxd3 Nxe4 25. Rxe4 1-0

[Event "Hoogeveen Unive op"]
[Site "Hoogeveen"]
[Date "2010.10.27"]
[Round "6"]
[White "Stavast, Dick"]
[Black "L'Ami, Alina"]
[Result "0-1"]
[WhiteElo "2048"]
[BlackElo "2339"]
[PlyCount "58"]
[EventDate "2010.10.22"]
[EventType "swiss"]
[EventRounds "9"]
[EventCountry "NED"]
[SourceTitle "EXT 2011"]
[Source "ChessBase"]
[SourceDate "2010.11.26"]
[SourceVersion "1"]
[SourceVersionDate "2010.11.26"]
[SourceQuality "1"]

1. Nf3 Nf6 2. g3 g6 3. Bg2 Bg7 4. d3 0-0 5. e4 d6 6. 0-0 c5 7. c4 Nc6 8. Nc3 Rb8 9. h3 a6 10. a4 Ne8 11. Be3 Nc7 12. Qd2 Ne6 13. Nd5 b5 14. cxb5 axb5 15. a5 b4 16. Ra2 Ra8 17. Rfa1 Ra6 18. Bf1 Ned4 19. Bxd4 Nxd4 20. Nxd4 Bxd4 21. Nf4 e5 22. Nd5 f5 23. Kg2 f4 24. Nb6 Be6 25. Nc4 fxg3 26. fxg3 Qd7 27. Ne3 Bxa2 28. Rxa2 Qf7 29. Ra1 Qf3+ 0-1

[Event "Hoogeveen Unive op"]
[Site "Hoogeveen"]
[Date "2010.10.23"]
[Round "2"]
[White "Stavast, Dick"]
[Black "Pijpers, Arthur"]
[Result "0-1"]
[WhiteElo "2048"]
[BlackElo "2248"]
[PlyCount "82"]
[EventDate "2010.10.22"]
[EventType "swiss"]
[EventRounds "9"]
[EventCountry "NED"]
[SourceTitle "EXT 2011"]
[Source "ChessBase"]
[SourceDate "2010.11.26"]
[SourceVersion "1"]
[SourceVersionDate "2010.11.26"]
[SourceQuality "1"]

1. Nf3 d5 2. g3 Bg4 3. Bg2 Nd7 4. d3 Ngf6 5. Nbd2 e5 6. e4 dxe4 7. dxe4 Bc5 8. 0-0 0-0 9. c3 Qe7 10. Qc2 b5 11. Re1 Rfd8 12. Nf1 a6 13. Ne3 Bxe3 14. Bxe3 Nc5 15. b4 Ncd7 16. Nd2 c5 17. a3 Rac8 18. Qb2 c4 19. a4 Nf8 20. axb5 axb5 21. Ra5 Bd7 22. Bc5 Qe6 23. Ra7 Bc6 24. Re7 Qg4 25. Rxe5 Ng6 26. Rf5 Nxe4 27. Bxe4 Bxe4 28. Nxe4 Qxf5 29. Nd6 Rxd6 30. Bxd6 Qd5 31. Bf4 Nxf4 32. gxf4 h6 33. Qe2 Rc6 34. Qe8+ Kh7 35. Qe4+ Rg6+ 36. Kh1 Qd2 37. Qe3 Qd5+ 38. Qe4 Qd2 39. Qe3 Qc2 40. Rc1 Qf5 41. Rg1 Qd5+ 0-1

[Event "Waling Dijkstra Gr-A"]
[Site "Leeuwarden"]
[Date "2009.11.14"]
[Round "2"]
[White "Cabrera Pino, Alexis"]
[Black "Stavast, Dick"]
[Result "1-0"]
[WhiteElo "2528"]
[BlackElo "2041"]
[PlyCount "55"]
[EventDate "2009.11.13"]
[EventType "swiss"]
[EventRounds "6"]
[EventCountry "NED"]
[SourceTitle "EXT 2010"]
[Source "ChessBase"]
[SourceDate "2010.11.25"]
[SourceVersion "1"]
[SourceVersionDate "2010.11.25"]
[SourceQuality "1"]

1. e4 d6 2. d4 Nf6 3. Bd3 e5 4. c3 d5 5. dxe5 Nxe4 6. Nf3 Nc6 7. Nbd2 Bg4 8. 0-0 Nc5 9. Bb1 Be7 10. b4 Ne6 11. Qa4 a6 12. b5 Bxf3 13. Nxf3 axb5 14. Qxb5 Nc5 15. Rd1 Ra5 16. Qb2 Qc8 17. Nd4 Nxd4 18. cxd4 Ne6 19. f4 Ba3 20. Qc3 Bxc1 21. Qxc1 g6 22. f5 Ng7 23. Rf1 0-0 24. f6 Ne6 25. a4 c5 26. Ra3 Kh8 27. Qh6 Rg8 28. Qxh7+ 1-0

[Event "Hoogeveen Unive op"]
[Site "Hoogeveen"]
[Date "2009.10.20"]
[Round "5"]
[White "Hovenga, Alje"]
[Black "Stavast, Dick"]
[Result "1/2-1/2"]
[WhiteElo "2206"]
[BlackElo "1998"]
[PlyCount "75"]
[EventDate "2009.10.16"]
[EventType "swiss"]
[EventRounds "9"]
[EventCountry "NED"]
[SourceTitle "CBM 132 Extra"]
[Source "ChessBase"]
[SourceDate "2009.11.03"]
[SourceVersion "1"]
[SourceVersionDate "2009.11.03"]
[SourceQuality "1"]

1. d4 d6 2. Nf3 f5 3. g3 Nf6 4. Bg2 g6 5. b4 Bg7 6. Bb2 0-0 7. 0-0 Qe8 8. c4 c6 9. Nbd2 h6 10. Qb3 Be6 11. d5 Nxd5 12. Bxg7 Kxg7 13. cxd5 Bxd5 14. Qc2 e5 15. e4 fxe4 16. Nxe4 Bxe4 17. Qxe4 Nd7 18. Rae1 Rf6 19. Bh3 Nb6 20. Nh4 Qf7 21. f4 exf4 22. Rxf4 Rxf4 23. gxf4 Nd5 24. f5 g5 25. Ng6 Nf6 26. Qd4 Re8 27. Rxe8 Qxe8 28. Bf1 Qe4 29. Qxe4 Nxe4 30. Bd3 d5 31. b5 cxb5 32. Ne7 Nc3 33. a3 a5 34. Bc2 Kf6 35. Ng8+ Kg7 36. Ne7 Kf6 37. Ng8+ Kg7 38. Ne7 1/2-1/2

[Event "Hoogeveen Unive op"]
[Site "Hoogeveen"]
[Date "2009.10.17"]
[Round "2"]
[White "Ulybin, Mikhail"]
[Black "Stavast, Dick"]
[Result "1-0"]
[WhiteElo "2533"]
[BlackElo "1998"]
[PlyCount "63"]
[EventDate "2009.10.16"]
[EventType "swiss"]
[EventRounds "9"]
[EventCountry "NED"]
[SourceTitle "CBM 132 Extra"]
[Source "ChessBase"]
[SourceDate "2009.11.03"]
[SourceVersion "1"]
[SourceVersionDate "2009.11.03"]
[SourceQuality "1"]

1. c4 f5 2. d4 Nf6 3. Nc3 d6 4. Nf3 g6 5. g3 Bg7 6. Bg2 0-0 7. 0-0 c6 8. d5 e5 9. dxe6 Bxe6 10. Qd3 Na6 11. Bf4 d5 12. Ng5 Bf7 13. cxd5 Nb4 14. Qc4 Nbxd5 15. Rad1 Rc8 16. Be5 Qe7 17. Nxf7 Qxf7 18. Nxd5 Nxd5 19. Bxg7 Kxg7 20. Bxd5 cxd5 21. Qd4+ Kg8 22. Rd2 b6 23. Rfd1 f4 24. Qxd5 Qxd5 25. Rxd5 fxg3 26. hxg3 Rc2 27. R1d2 Rxd2 28. Rxd2 Rf7 29. Kg2 Kg7 30. f4 g5 31. Kf3 h5 32. e4 1-0

[Event "Groningen Harmonie op-A"]
[Site "Groningen"]
[Date "2003.12.26"]
[Round "5"]
[White "Schiffer, Kai Uwe"]
[Black "Stavast, Dick"]
[Result "1-0"]
[WhiteElo "2378"]
[BlackElo "2065"]
[PlyCount "75"]
[EventDate "2003.12.21"]
[EventType "swiss"]
[EventRounds "9"]
[EventCountry "NED"]
[SourceTitle "CBM 097 Extra"]
[Source "ChessBase"]
[SourceDate "2004.01.13"]
[SourceVersion "1"]
[SourceVersionDate "2004.01.13"]
[SourceQuality "1"]

1. d4 d6 2. Nf3 f5 3. c4 Nf6 4. Nc3 g6 5. g3 Bg7 6. Bg2 0-0 7. 0-0 Qe8 8. d5 Na6 9. Rb1 Nc5 10. b4 Nfe4 11. Nb5 Na6 12. Ng5 Nxg5 13. Bxg5 Bd7 14. Nd4 Rb8 15. a3 c6 16. dxc6 bxc6 17. Nb3 h6 18. Be3 Nc7 19. Qc1 e5 20. Bxh6 f4 21. Bxg7 Kxg7 22. Qd2 Qe7 23. Na5 Rf6 24. Nxc6 Bxc6 25. Bxc6 Rh8 26. Bg2 g5 27. c5 g4 28. cxd6 Rxd6 29. Qb2 Qf6 30. Rbd1 Rhd8 31. Rxd6 Rxd6 32. gxf4 Qxf4 33. e3 Qf5 34. Rc1 Ne6 35. h3 Kf6 36. hxg4 Qxg4 37. f3 Qh5 38. f4 1-0